New Product Development : From Initial Idea to Product Management (Record no. 7793)
[ view plain ]
| 000 -LEADER | |
|---|---|
| fixed length control field | 00430nam a2200145Ia 4500 |
| 005 - DATE AND TIME OF LATEST TRANSACTION | |
| control field | 20260407090011.0 |
| 008 - FIXED-LENGTH DATA ELEMENTS--GENERAL INFORMATION | |
| fixed length control field | 251127s9999 xx 000 0 und d |
| 020 ## - INTERNATIONAL STANDARD BOOK NUMBER | |
| ISBN | 0750677325 (hardcover) | |
| 082 ## - DEWEY DECIMAL CLASSIFICATION NUMBER | |
| Classification number | 658.575 |
| Author Mark | ANN-N |
| 100 ## - MAIN ENTRY--AUTHOR | |
| Author Name | Annacchino, Marc |
| 245 #0 - TITLE STATEMENT | |
| Title | New Product Development : From Initial Idea to Product Management |
| 260 ## - PUBLICATION, DISTRIBUTION, ETC. | |
| Place of Publication | Burlington |
| Name of publisher, distributor, etc. | Butterworth-Heinemann, |
| 650 ## - SUBJECT ADDED ENTRY--TOPICAL TERM | |
| Subject / Department | Management Sciences |
| 942 ## - ADDED ENTRY ELEMENTS (KOHA) | |
| Koha item type | Book |
| Withdrawn status | Lost status | Damaged status | Not for loan | Collection code | Permanent Location | Current Location | Shelving Location | Date acquired | Source of acquisition | Inventory number | Full Call Number | Accession No./Barcode | Koha item type | Public note |
|---|---|---|---|---|---|---|---|---|---|---|---|---|---|---|
| Management Science | Air University H-11 Campus Islamabad | Air University H-11 Campus Islamabad | Management Science | 04/22/2015 | Allied Book Company | 8237 | 658.575 ANN-N | P9742 | Book | Program Relevancy: BBA; MBA; Course Relevancy: New product development |







